[Event "Wuerttemberg-chT Rapid"]
[Site "Boeblingen"]
[Date "2024.04.13"]
[Round "2.1"]
[White "Koelle, Tobias"]
[Black "Kerpe, Andreas"]
[Result "1-0"]
[WhiteElo "2467"]
[BlackElo "2146"]
[PlyCount "47"]
[EventDate "2024.04.13"]
[EventType "team-tourn"]
[EventRounds "9"]
[EventCountry "GER"]
[SourceTitle "CB17_2024"]
[SourceDate "2024.04.24"]
[SourceVersion "1"]
[SourceVersionDate "2024.04.24"]
[SourceQuality "1"]

1. d4 f5 2. e4 fxe4 3. Nc3 Nf6 4. Bg5 Nc6 5. d5 Ne5 6. Qe2 c6 7. 0-0-0 Qb6 8. f4 Neg4 9. Bxf6 Nxf6 10. dxc6 bxc6 11. Nxe4 Nxe4 12. Qxe4 Rb8 13. b3 Qa5 14. Kb1 Rb4 15. Qe3 g6 16. Nf3 Bg7 17. Ne5 0-0 18. Bc4+ e6 19. Nxd7 Rxc4 20. Qxe6+ Kh8 21. Qxc4 Qa3 22. Ne5 g5 23. Rd8 h6 24. Ng6+ 1-0

[Event "Wuerttemberg-chT Rapid"]
[Site "Boeblingen"]
[Date "2024.04.13"]
[Round "4.1"]
[White "Zuferi, Enis"]
[Black "Koelle, Tobias"]
[Result "1-0"]
[WhiteElo "2406"]
[BlackElo "2467"]
[PlyCount "95"]
[EventDate "2024.04.13"]
[EventType "team-tourn"]
[EventRounds "9"]
[EventCountry "GER"]
[SourceTitle "CB17_2024"]
[SourceDate "2024.04.24"]
[SourceVersion "1"]
[SourceVersionDate "2024.04.24"]
[SourceQuality "1"]

1. d4 Nf6 2. c4 e6 3. Nf3 d5 4. Nc3 Bb4 5. Bg5 h6 6. Bxf6 Qxf6 7. Qa4+ Nc6 8. e3 0-0 9. Rc1 Rd8 10. Be2 dxc4 11. Qb5 Bd6 12. Qxc4 Qg6 13. 0-0 e5 14. d5 Ne7 15. Nb5 Bd7 16. Nxd6 cxd6 17. Nd2 Rac8 18. Qb3 b6 19. e4 Qg5 20. Qe3 Qh4 21. Ba6 Rc5 22. b4 Rxc1 23. Rxc1 Bc8 24. g3 Qg5 25. Qxg5 hxg5 26. Bd3 Bh3 27. Ba6 Bc8 28. Be2 Bh3 29. g4 Ng6 30. f3 Nf4 31. Ba6 Rd7 32. Rc8+ Kh7 33. Bb5 Re7 34. Nc4 Ne2+ 35. Kf2 Nd4 36. Bc6 f5 37. gxf5 g4 38. fxg4 Bxg4 39. Be8 Kh6 40. Bg6 Kg5 41. Nxd6 Kf4 42. h4 Nf3 43. h5 Nd2 44. Rc2 Nf3 45. h6 gxh6 46. f6 Rd7 47. f7 Rd8 48. Ne8 1-0

[Event "Menorca op 3rd"]
[Site "Ciutadella de Menorca"]
[Date "2024.04.04"]
[Round "4"]
[White "Yuffa, Daniil"]
[Black "Koelle, Tobias"]
[Result "1/2-1/2"]
[WhiteElo "2607"]
[BlackElo "2467"]
[PlyCount "95"]
[EventDate "2024.04.02"]
[EventType "swiss"]
[EventRounds "9"]
[EventCountry "ESP"]
[SourceTitle "CB15_2024"]
[SourceDate "2024.04.10"]
[SourceVersion "1"]
[SourceVersionDate "2024.04.10"]
[SourceQuality "1"]

1. c4 e5 2. g3 c6 3. Nf3 e4 4. Nd4 d5 5. cxd5 Nf6 6. Nc3 Qb6 7. Nb3 a5 8. d3 a4 9. Nd2 exd3 10. Bg2 cxd5 11. 0-0 Be6 12. exd3 Bb4 13. a3 Bxc3 14. bxc3 0-0 15. Nf3 Nc6 16. Be3 Qa5 17. Qd2 Nd7 18. Nd4 Nxd4 19. Bxd4 Rac8 20. Rab1 Nc5 21. Qe3 Qc7 22. Rb4 Nb3 23. Be5 Qd7 24. c4 f6 25. Bb2 Rfe8 26. Qa7 Rc7 27. cxd5 Bf7 28. Qxa4 Qxa4 29. Rxa4 Rc2 30. Ba1 Rd2 31. Rb4 Rxd3 32. Bb2 Nd2 33. Rc1 Nb3 34. Rf1 Nd2 35. Ra1 Nb3 36. Bf1 Nxa1 37. Bxd3 Bxd5 38. Bc3 Rc8 39. Rd4 Be6 40. Bb2 Nb3 41. Rd6 Nc5 42. Bc2 Kf7 43. h4 Ke7 44. Rd2 h6 45. Bc3 Nb3 46. Bb4+ Kf7 47. Bxb3 Bxb3 48. f3 1/2-1/2

[Event "Vandoeuvre op 20th"]
[Site "Vandoeuvre les Nancy"]
[Date "2024.01.05"]
[Round "6"]
[White "Durak, Can"]
[Black "Koelle, Tobias"]
[Result "1-0"]
[WhiteElo "2349"]
[BlackElo "2453"]
[PlyCount "107"]
[EventDate "2024.01.03"]
[EventType "swiss"]
[EventRounds "9"]
[EventCountry "FRA"]
[SourceTitle "CB02_2024"]
[SourceDate "2024.01.10"]
[SourceVersion "1"]
[SourceVersionDate "2024.01.10"]
[SourceQuality "1"]

1. Nf3 d5 2. e3 Nf6 3. c4 e6 4. Nc3 Bd6 5. b3 0-0 6. Bb2 Nbd7 7. Qc2 a6 8. Be2 Re8 9. g4 Nb6 10. g5 Nfd7 11. h4 c5 12. h5 Ne5 13. Nxe5 Bxe5 14. f4 Bxc3 15. Qxc3 e5 16. cxd5 Nxd5 17. Qxc5 exf4 18. Qd4 Qxg5 19. 0-0-0 fxe3 20. Rhg1 Nf4 21. Bf3 exd2+ 22. Rxd2 Bg4 23. Rxg4 Re1+ 24. Bd1 Ne2+ 25. Kb1 Nxd4 26. Rxg5 Ne6 27. Rg3 h6 28. Bc3 Ng5 29. Kb2 Re7 30. Bc2 Rae8 31. Rgd3 Ne4 32. Rg2 Nxc3 33. Rxc3 Re3 34. Rc4 Kf8 35. Rcg4 R8e5 36. Rxg7 Rxh5 37. Rg8+ Ke7 38. Rb8 Rb5 39. Rh2 Re6 40. Bd3 Rbb6 41. Bc4 Red6 42. Re2+ Kd7 43. Bxf7 Kc7 44. Rh8 Rf6 45. Bd5 Rb5 46. Bh1 Kb6 47. Rh2 Ka7 48. R8xh6 Rxh6 49. Rxh6 a5 50. Rh7 Ka6 51. a4 Rb4 52. Bf3 Ka7 53. Kc3 Ka8 54. Rh5 1-0

[Event "Titled Tuesday intern op 12th Dec Early"]
[Site "Chess.com INT"]
[Date "2023.12.12"]
[Round "8"]
[White "Koelle, Tobias"]
[Black "Goncharov, Vladimir"]
[Result "0-1"]
[WhiteElo "2450"]
[BlackElo "2077"]
[PlyCount "176"]
[EventDate "2023.12.12"]
[EventType "swiss (blitz)"]
[EventRounds "11"]
[EventCountry "USA"]
[SourceTitle "CB51_2023"]
[SourceDate "2023.12.20"]
[SourceVersion "1"]
[SourceVersionDate "2023.12.20"]
[SourceQuality "1"]

1. b4 d5 2. Bb2 Qd6 3. a3 e5 4. d3 Nf6 5. Nd2 Be7 6. c4 c6 7. e3 0-0 8. cxd5 cxd5 9. Ngf3 Nbd7 10. Be2 b6 11. 0-0 Bb7 12. Nh4 Qe6 13. Rc1 Rac8 14. Qa4 a6 15. h3 h6 16. Rfd1 Rfe8 17. Nhf3 g5 18. Nh2 h5 19. Nhf1 Qf5 20. Ng3 Qg6 21. Nxh5 b5 22. Nxf6+ Nxf6 23. Qb3 g4 24. hxg4 Nxg4 25. Bxg4 Qxg4 26. Bxe5 Bg5 27. d4 Rc4 28. Nf3 f6 29. Bg3 Bxe3 30. fxe3 Qxg3 31. Rb1 Rec8 32. Rb2 Rc3 33. Qa2 Rxe3 34. Rf2 Rcc3 35. Rdf1 Kg7 36. Qb1 Bc8 37. Nh2 Rc6 38. Rc1 Rce6 39. Nf1 Qxf2+ 40. Kxf2 Re2+ 41. Kg1 Bd7 42. Rc7 Re7 43. Qf5 Bxf5 44. Rc5 Be4 45. Kh2 Ra2 46. Ng3 Kf7 47. Nh5 Rd7 48. Rc6 f5 49. Nf4 Ke7 50. Ng6+ Kd8 51. Ne5 Rh7+ 52. Kg3 Rg7+ 53. Kf4 Rgxg2 54. Nf7+ Ke7 55. Rc7+ Ke6 56. Nd8+ Kd6 57. Rc6+ Kd7 58. Ke5 Kxd8 59. Rd6+ Ke7 60. Rxa6 Kf7 61. Ra7+ Kg6 62. Ra8 Kg5 63. Rg8+ Kh4 64. Rf8 Kg4 65. Rf7 Kf3 66. Rb7 Ke3 67. Rxb5 f4 68. Rb7 f3 69. Rd7 f2 70. Rf7 Rg1 71. Rxf2 Rxf2 72. b5 Ra2 73. Kd6 Rxa3 74. Kc5 Rb3 75. b6 Rb5+ 76. Kxb5 Kxd4 77. Kc6 Ke5 78. b7 d4+ 79. Kc7 Bxb7 80. Kb8 Kd5 81. Ka7 d3 82. Kb8 d2 83. Ka7 d1Q 84. Kb8 Bc6 85. Ka7 Qa4+ 86. Kb6 Qb5+ 87. Kc7 Qb7+ 88. Kd8 Qd7# 0-1

[Event "Titled Tuesday intern op 12th Dec Early"]
[Site "Chess.com INT"]
[Date "2023.12.12"]
[Round "4"]
[White "Postlmayer, Jakob"]
[Black "Koelle, Tobias"]
[Result "0-1"]
[WhiteElo "2365"]
[BlackElo "2450"]
[PlyCount "52"]
[EventDate "2023.12.12"]
[EventType "swiss (blitz)"]
[EventRounds "11"]
[EventCountry "USA"]
[SourceTitle "CB51_2023"]
[SourceDate "2023.12.20"]
[SourceVersion "1"]
[SourceVersionDate "2023.12.20"]
[SourceQuality "1"]

1. Nf3 Nf6 2. c4 b6 3. g3 Bb7 4. Bg2 g6 5. 0-0 Bg7 6. d4 0-0 7. d5 Na6 8. Nc3 Nc5 9. Qc2 e6 10. e4 exd5 11. exd5 Re8 12. Bf4 Nh5 13. Bg5 Bf6 14. Be3 Rxe3 15. fxe3 Qe7 16. Rae1 d6 17. e4 Nd7 18. Bh3 Ne5 19. Nxe5 Bxe5 20. Ne2 Qg5 21. Kh1 Bc8 22. Bxc8 Rxc8 23. Qc1 Qg4 24. Nf4 Re8 25. Nxh5 Qxh5 26. b4 Bxg3 0-1

[Event "Sant Boi de Llobregat op 4th"]
[Site "Sant Boi de Llobregat"]
[Date "2023.12.04"]
[Round "5"]
[White "Koelle, Tobias"]
[Black "Vallejo Pons, Francisco"]
[Result "0-1"]
[WhiteElo "2450"]
[BlackElo "2667"]
[PlyCount "74"]
[EventDate "2023.11.30"]
[EventType "swiss"]
[EventRounds "9"]
[EventCountry "ESP"]
[SourceTitle "CB50_2023"]
[SourceDate "2023.12.13"]
[SourceVersion "1"]
[SourceVersionDate "2023.12.13"]
[SourceQuality "1"]

1. d4 Nf6 2. c4 e6 3. Nf3 d5 4. Nc3 dxc4 5. e4 b5 6. e5 Nd5 7. Nxb5 Nb6 8. Be2 Nc6 9. Be3 Bb7 10. 0-0 Be7 11. Qb1 0-0 12. Qe4 Rb8 13. Qg4 Kh8 14. Rfc1 Nb4 15. Nc3 Nd3 16. Rc2 Nb4 17. Rcc1 Nd3 18. Rcb1 f5 19. exf6 Bxf6 20. Ne5 c5 21. Bxd3 cxd3 22. dxc5 Bxe5 23. cxb6 axb6 24. Qxe6 Qc7 25. Qh3 Rf6 26. Rf1 Rbf8 27. Rad1 Qc4 28. Rd2 Bxg2 29. Kxg2 Bxc3 30. bxc3 Qe4+ 31. Kg1 Rg6+ 32. Qg3 Rxg3+ 33. hxg3 Rf5 34. Bd4 h6 35. f4 Rh5 36. Rg2 d2 37. g4 Rh3 0-1

[Event "Sant Boi de Llobregat op 4th"]
[Site "Sant Boi de Llobregat"]
[Date "2023.11.30"]
[Round "1"]
[White "Koelle, Tobias"]
[Black "Saya, Ethan"]
[Result "1-0"]
[WhiteElo "2450"]
[BlackElo "2242"]
[PlyCount "87"]
[EventDate "2023.11.30"]
[EventType "swiss"]
[EventRounds "9"]
[EventCountry "ESP"]
[SourceTitle "CB50_2023"]
[SourceDate "2023.12.13"]
[SourceVersion "1"]
[SourceVersionDate "2023.12.13"]
[SourceQuality "1"]

1. d4 d5 2. Nf3 Nf6 3. Bf4 e6 4. Nbd2 c5 5. e3 Bd6 6. dxc5 Bxf4 7. exf4 Qc7 8. g3 Qxc5 9. Bd3 0-0 10. 0-0 b6 11. Qe2 a5 12. Nb3 Qc7 13. Nbd4 Ba6 14. Rac1 Rc8 15. Bxa6 Nxa6 16. f5 exf5 17. Nxf5 Re8 18. Qd2 h6 19. N3d4 Ne4 20. Qd1 Qe5 21. c3 Nac5 22. Rc2 Ne6 23. Re2 Nxd4 24. Nxd4 Qd6 25. Rfe1 Nf6 26. Rxe8+ Rxe8 27. Rxe8+ Nxe8 28. Nf5 Qe6 29. Qxd5 Qe1+ 30. Kg2 Nf6 31. Qd8+ Kh7 32. Qd3 Ne4 33. Qd4 f6 34. Qxb6 Nd2 35. Ne3 Ne4 36. Nf1 Qe2 37. Qe3 Qc2 38. Qf4 a4 39. Ne3 Qd3 40. Qf5+ Kh8 41. Qd5 Qb1 42. Qa8+ Kh7 43. Qxa4 Nd2 44. Qc2+ 1-0

[Event "AUT-chT 2324"]
[Site "Austria"]
[Date "2023.11.26"]
[Round "6.2"]
[White "Berchtenbreiter, Maximilian"]
[Black "Koelle, Tobias"]
[Result "1-0"]
[WhiteElo "2494"]
[BlackElo "2453"]
[PlyCount "75"]
[EventDate "2023.11.22"]
[EventType "team-tourn"]
[EventRounds "11"]
[EventCountry "AUT"]
[SourceTitle "CB48_2023"]
[SourceDate "2023.11.29"]
[SourceVersion "1"]
[SourceVersionDate "2023.11.29"]
[SourceQuality "1"]
[WhiteTeam "Schach ohne Grenzen"]
[BlackTeam "Goetzis"]
[WhiteTeamCountry "AUT"]
[BlackTeamCountry "AUT"]

1. Nf3 d5 2. d4 Nf6 3. c4 e6 4. Nc3 c5 5. e3 Nc6 6. Bd3 dxc4 7. Bxc4 a6 8. a4 cxd4 9. exd4 Be7 10. 0-0 0-0 11. Re1 Nb4 12. Ne5 b6 13. Bg5 Bb7 14. Nxf7 Rxf7 15. Bxe6 Qf8 16. Qb3 a5 17. Rad1 Rd8 18. d5 Bd6 19. Ne4 Bxd5 20. Rxd5 Nbxd5 21. Bxf6 gxf6 22. Bxd5 Be5 23. g3 Rxd5 24. Qxd5 Kg7 25. b3 Qb4 26. Rd1 Re7 27. Kg2 h6 28. Rd3 Rf7 29. Nd2 Rc7 30. Nc4 Qc5 31. Qxc5 Rxc5 32. Nxb6 Rc2 33. Nc4 Bc3 34. Ne3 Rc1 35. Rd7+ Kg6 36. Rc7 h5 37. h4 Kh6 38. Nd5 1-0

[Event "AUT-chT 2324"]
[Site "Austria"]
[Date "2023.11.24"]
[Round "3.2"]
[White "Maghsoodloo, Parham"]
[Black "Koelle, Tobias"]
[Result "1-0"]
[WhiteElo "2732"]
[BlackElo "2453"]
[PlyCount "47"]
[EventDate "2023.11.22"]
[EventType "team-tourn"]
[EventRounds "11"]
[EventCountry "AUT"]
[SourceTitle "CB48_2023"]
[SourceDate "2023.11.29"]
[SourceVersion "1"]
[SourceVersionDate "2023.11.29"]
[SourceQuality "1"]
[WhiteTeam "Linz"]
[BlackTeam "Goetzis"]
[WhiteTeamCountry "AUT"]
[BlackTeamCountry "AUT"]

1. d4 Nf6 2. c4 e6 3. Nf3 d5 4. g3 Bb4+ 5. Bd2 a5 6. Bg2 0-0 7. Qc1 Be7 8. 0-0 c6 9. Rd1 Nbd7 10. Bf4 a4 11. a3 h6 12. Nc3 Qa5 13. h4 dxc4 14. e4 b5 15. e5 Nd5 16. Bxh6 gxh6 17. Qxh6 Re8 18. Ng5 Nf8 19. Be4 Bxg5 20. hxg5 Ne7 21. g4 Nfg6 22. Bxg6 fxg6 23. Ne4 Rd8 24. Kg2 1-0

[Event "AUT-chT 2324"]
[Site "Austria"]
[Date "2023.11.23"]
[Round "2.2"]
[White "Koelle, Tobias"]
[Black "Blohberger, Felix"]
[Result "1-0"]
[WhiteElo "2453"]
[BlackElo "2513"]
[PlyCount "85"]
[EventDate "2023.11.22"]
[EventType "team-tourn"]
[EventRounds "11"]
[EventCountry "AUT"]
[SourceTitle "CB48_2023"]
[SourceDate "2023.11.29"]
[SourceVersion "1"]
[SourceVersionDate "2023.11.29"]
[SourceQuality "1"]
[WhiteTeam "Goetzis"]
[BlackTeam "Ottakring"]
[WhiteTeamCountry "AUT"]
[BlackTeamCountry "AUT"]

1. d4 Nf6 2. c4 e6 3. Nf3 Bb4+ 4. Nbd2 Be7 5. e4 d5 6. e5 Nfd7 7. Bd3 c5 8. 0-0 Nc6 9. a3 a5 10. Re1 0-0 11. h4 cxd4 12. Nb3 a4 13. Nbxd4 Nxd4 14. Nxd4 Nc5 15. h5 Nxd3 16. Qxd3 Ra5 17. h6 dxc4 18. Qxc4 Qd5 19. Qc3 g6 20. Nf3 Rc5 21. Qb4 Re8 22. Qxa4 b5 23. Qg4 Rc4 24. Qg3 Bb7 25. Bg5 Bc5 26. Rad1 Qc6 27. Be3 Bf8 28. Nh2 b4 29. Ng4 Be7 30. Rc1 bxa3 31. bxa3 Rc8 32. Rxc4 Qxc4 33. Bd2 Rd8 34. Bb4 Rd3 35. Ne3 Bxb4 36. axb4 Qxb4 37. Rc1 Qb2 38. Rc7 Qb6 39. Rc1 Qb2 40. Rc7 Qb6 41. Re7 Kf8 42. Qg5 Rxe3 43. Rxb7 1-0

[Event "Berlin Radtke Memorial op"]
[Site "Berlin"]
[Date "2023.10.27"]
[Round "7"]
[White "Koelle, Tobias"]
[Black "Malek, Jan"]
[Result "1/2-1/2"]
[WhiteElo "2454"]
[BlackElo "2428"]
[PlyCount "112"]
[EventDate "2023.10.23"]
[EventType "swiss"]
[EventRounds "9"]
[EventCountry "GER"]
[SourceTitle "Mega2024 Update 01"]
[Source "Chessbase"]
[SourceDate "2023.11.12"]
[SourceVersion "1"]
[SourceVersionDate "2023.11.12"]
[SourceQuality "1"]

1. d4 Nf6 2. c4 e6 3. Nf3 d5 4. Nc3 Bb4 5. Bg5 h6 6. Bxf6 Qxf6 7. Qa4+ Nc6 8. e3 0-0 9. Rc1 Rd8 10. Be2 dxc4 11. Qb5 Qe7 12. a3 Bxc3+ 13. Rxc3 e5 14. d5 e4 15. dxc6 exf3 16. Bxf3 b6 17. Qxc4 Bf5 18. 0-0 Rd2 19. b4 Qf6 20. Rfc1 Rad8 21. Qf1 g5 22. e4 Be6 23. h3 Ra2 24. Be2 Rdd2 25. Rf3 Qb2 26. Bc4 Rxa3 27. Rxa3 Bxc4 28. Qxc4 Qxa3 29. b5 Qb2 30. Qf1 Rxf2 31. Qxf2 Qxc1+ 32. Kh2 Kg7 33. e5 Kf8 34. g3 Qc5 35. Qf6 Qc2+ 36. Kg1 Qd1+ 37. Kh2 Qd2+ 38. Kg1 Qd4+ 39. Kh2 Kg8 40. Qf5 Qd2+ 41. Kg1 Qd4+ 42. Kh2 Qb2+ 43. Kg1 Qa1+ 44. Kg2 Qa2+ 45. Kg1 Qa1+ 46. Kg2 Qb2+ 47. Kg1 Qc1+ 48. Kg2 Qd2+ 49. Kg1 Qd1+ 50. Kh2 Qe2+ 51. Kg1 Qe3+ 52. Kg2 a5 53. Qc8+ Kg7 54. Qxc7 a4 55. Qd6 Qe2+ 56. Kg1 Qe1+ 1/2-1/2

[Event "Wch U20 Blitz"]
[Site "Pula"]
[Date "2023.10.14"]
[Round "5"]
[White "Koelle, Tobias"]
[Black "Muradli, Mahammad"]
[Result "0-1"]
[WhiteElo "2454"]
[BlackElo "2550"]
[PlyCount "70"]
[EventDate "2023.10.14"]
[EventType "swiss (blitz)"]
[EventRounds "11"]
[EventCountry "ITA"]
[SourceTitle "Mega2024 Update 01"]
[Source "Chessbase"]
[SourceDate "2023.11.12"]
[SourceVersion "1"]
[SourceVersionDate "2023.11.12"]
[SourceQuality "1"]

1. d4 Nf6 2. Nc3 d5 3. Bf4 c6 4. e3 Bf5 5. Nf3 Nbd7 6. Bd3 e6 7. 0-0 Bb4 8. Ne5 0-0 9. h3 Re8 10. a3 Ba5 11. b4 Bc7 12. Nxd7 Qxd7 13. Bxc7 Qxc7 14. Qf3 Bg6 15. Rfe1 e5 16. Qg3 Rac8 17. dxe5 Rxe5 18. Ne2 Rce8 19. Nd4 Ne4 20. Bxe4 Bxe4 21. Rac1 Qe7 22. f3 Bg6 23. f4 Re4 24. Qf3 f6 25. Kf2 Qd6 26. Re2 b6 27. h4 c5 28. bxc5 bxc5 29. Nb3 d4 30. Rce1 dxe3+ 31. Kg3 c4 32. Na5 Qc5 33. Nb7 Qd5 34. f5 Bxf5 35. Rxe3 Qxb7 0-1

[Event "Wch U20 Blitz"]
[Site "Pula"]
[Date "2023.10.14"]
[Round "1"]
[White "Troselj, Ivan"]
[Black "Koelle, Tobias"]
[Result "0-1"]
[WhiteElo "2040"]
[BlackElo "2454"]
[PlyCount "52"]
[EventDate "2023.10.14"]
[EventType "swiss (blitz)"]
[EventRounds "11"]
[EventCountry "ITA"]
[SourceTitle "Mega2024 Update 01"]
[Source "Chessbase"]
[SourceDate "2023.11.12"]
[SourceVersion "1"]
[SourceVersionDate "2023.11.12"]
[SourceQuality "1"]

1. b4 e5 2. Bb2 Bxb4 3. Bxe5 Nf6 4. Nf3 Nc6 5. Bb2 0-0 6. e3 d5 7. c4 Re8 8. Be2 dxc4 9. Bxc4 Bg4 10. 0-0 Bd6 11. d4 Ne4 12. h3 Bh5 13. Nc3 Ng5 14. Be2 Bg6 15. Qb3 Rb8 16. Rad1 Bf5 17. Rfe1 Qf6 18. Nb5 Nxh3+ 19. gxh3 Bxh3 20. Bf1 Qg6+ 21. Kh1 Bxf1 22. Rxf1 Qh5+ 23. Kg2 Qg4+ 24. Kh1 Qxf3+ 25. Kg1 Re4 26. Nxd6 Rg4+ 0-1

[Event "Wch U20 Rapid"]
[Site "Pula"]
[Date "2023.10.12"]
[Round "8"]
[White "Alexakis, Dimitris"]
[Black "Koelle, Tobias"]
[Result "1-0"]
[WhiteElo "2458"]
[BlackElo "2454"]
[PlyCount "59"]
[EventDate "2023.10.10"]
[EventType "swiss (rapid)"]
[EventRounds "11"]
[EventCountry "ITA"]
[SourceTitle "Mega2024 Update 01"]
[Source "Chessbase"]
[SourceDate "2023.11.12"]
[SourceVersion "1"]
[SourceVersionDate "2023.11.12"]
[SourceQuality "1"]

1. e4 c5 2. Nf3 d6 3. d4 cxd4 4. Nxd4 Nf6 5. Nc3 a6 6. h3 e5 7. Nf3 Be7 8. g4 h6 9. g5 hxg5 10. Nxg5 b5 11. a4 b4 12. Nd5 Bb7 13. Bc4 Rf8 14. Rg1 Nbd7 15. a5 Rc8 16. Qe2 Nxd5 17. exd5 Rc5 18. Ne6 Qa8 19. Nxc5 Nxc5 20. Be3 Bxd5 21. Bxc5 Bxc4 22. Qxc4 dxc5 23. 0-0-0 Bf6 24. Qxc5 Rh8 25. f4 e4 26. Rge1 Rxh3 27. Qf5 Rh4 28. Rxe4+ Kf8 29. Rde1 Qc6 30. Qc5+ 1-0

[Event "Wch U20 Rapid"]
[Site "Pula"]
[Date "2023.10.12"]
[Round "9"]
[White "Koelle, Tobias"]
[Black "Nesterov, Arseniy"]
[Result "1/2-1/2"]
[WhiteElo "2454"]
[BlackElo "2575"]
[PlyCount "173"]
[EventDate "2023.10.10"]
[EventType "swiss (rapid)"]
[EventRounds "11"]
[EventCountry "ITA"]
[SourceTitle "Mega2024 Update 01"]
[Source "Chessbase"]
[SourceDate "2023.11.12"]
[SourceVersion "1"]
[SourceVersionDate "2023.11.12"]
[SourceQuality "1"]

1. d4 d5 2. c4 e6 3. Nf3 Nf6 4. Nc3 c6 5. Bg5 dxc4 6. e4 b5 7. e5 h6 8. Bh4 g5 9. Nxg5 hxg5 10. Bxg5 Be7 11. exf6 Bxf6 12. Bxf6 Qxf6 13. g3 Na6 14. Bg2 Bb7 15. Nxb5 cxb5 16. Bxb7 Nb4 17. 0-0 Rd8 18. a4 Qf5 19. Qf3 Qxf3 20. Bxf3 Nc2 21. axb5 Nxa1 22. Rxa1 Rxd4 23. Rxa7 0-0 24. Rc7 Rd3 25. Be2 Rd2 26. Bf1 Rxb2 27. Rxc4 Rd8 28. Rf4 Kg7 29. g4 e5 30. Rf5 Rd4 31. h3 e4 32. Kg2 Rdd2 33. Kg3 Rb3+ 34. Kf4 Rf3+ 35. Kxe4 Rxf5 36. gxf5 Kf6 37. f3 Ke7 38. Bc4 f6 39. Ke3 Rd1 40. Kf2 Kd6 41. Kg3 Ke5 42. Be6 Rg1+ 43. Kf2 Rb1 44. Bd7 Kf4 45. Bc6 Rb2+ 46. Ke1 Kxf5 47. Kd1 Ke5 48. Kc1 Rb4 49. Kc2 Kd6 50. Kd3 Rh4 51. Be8 Rxh3 52. Ke4 Ke6 53. b6 Rh8 54. Bc6 Kd6 55. Bd5 f5+ 56. Kd4 Rh4+ 57. f4 Rxf4+ 58. Kc3 Kc5 59. b7 Rb4 60. Bg2 Rb6 61. Kd3 Kd6 62. Kd4 Rb2 63. Bf3 Rb3 64. Bg2 Rb4+ 65. Kc3 Kc5 66. Kd3 Rb2 67. Kc3 Rb6 68. Kd3 f4 69. Ke4 Rxb7 70. Kxf4 Re7 71. Be4 Kd4 72. Bg6 Re1 73. Kf5 Kd5 74. Kf6 Rf1+ 75. Kg7 Ke5 76. Bh7 Rg1+ 77. Kh8 Kf6 78. Bg8 Kg6 79. Bh7+ Kh6 80. Bg8 Rg7 81. Ba2 Rc7 82. Bg8 Kg6 83. Ba2 Rb7 84. Bc4 Rd7 85. Ba2 Rd8+ 86. Bg8 Rxg8+ 87. Kxg8 1/2-1/2

[Event "Wch U20 Rapid"]
[Site "Pula"]
[Date "2023.10.12"]
[Round "11"]
[White "Sadhwani, Raunak"]
[Black "Koelle, Tobias"]
[Result "1-0"]
[WhiteElo "2641"]
[BlackElo "2454"]
[PlyCount "57"]
[EventDate "2023.10.10"]
[EventType "swiss (rapid)"]
[EventRounds "11"]
[EventCountry "ITA"]
[SourceTitle "Mega2024 Update 01"]
[Source "Chessbase"]
[SourceDate "2023.11.12"]
[SourceVersion "1"]
[SourceVersionDate "2023.11.12"]
[SourceQuality "1"]

1. e4 c5 2. Nf3 d6 3. d4 cxd4 4. Nxd4 Nf6 5. Nc3 a6 6. Be3 e5 7. Nb3 Be6 8. Rg1 d5 9. exd5 Nxd5 10. Nxd5 Qxd5 11. Qxd5 Bxd5 12. 0-0-0 Bc6 13. Na5 Be7 14. Bc4 Bd8 15. Nxc6 Nxc6 16. Rge1 Rc8 17. Kb1 0-0 18. Bc5 Ba5 19. Bxf8 Bxe1 20. Bc5 Ba5 21. Rd7 Nd8 22. b4 Bc7 23. Bd5 h5 24. Be7 Nc6 25. Bg5 Kh8 26. Rxf7 Bd6 27. c3 b5 28. Rd7 Bf8 29. Bxc6 1-0

[Event "Wch U20 Rapid"]
[Site "Pula"]
[Date "2023.10.11"]
[Round "5"]
[White "Koelle, Tobias"]
[Black "Piliposyan, Robert"]
[Result "1/2-1/2"]
[WhiteElo "2454"]
[BlackElo "2356"]
[PlyCount "150"]
[EventDate "2023.10.10"]
[EventType "swiss (rapid)"]
[EventRounds "11"]
[EventCountry "ITA"]
[SourceTitle "Mega2024 Update 01"]
[Source "Chessbase"]
[SourceDate "2023.11.12"]
[SourceVersion "1"]
[SourceVersionDate "2023.11.12"]
[SourceQuality "1"]

1. d4 Nf6 2. c4 e6 3. Nf3 d5 4. Nc3 Nbd7 5. Bf4 dxc4 6. e3 Bd6 7. Bxd6 cxd6 8. Bxc4 Nb6 9. Bd3 Nbd5 10. Nxd5 Nxd5 11. 0-0 0-0 12. Qd2 Bd7 13. e4 Nf6 14. h3 Bc6 15. Rfe1 h6 16. Rac1 Rc8 17. Qf4 Re8 18. Bb1 Qb6 19. b3 Rcd8 20. Re2 e5 21. dxe5 dxe5 22. Nxe5 Qc7 23. Nd3 Qxf4 24. Nxf4 g5 25. Nd3 Bxe4 26. Nc5 Bc6 27. Rxe8+ Rxe8 28. Bd3 Nd5 29. Bf1 Nf4 30. Nd3 Nxd3 31. Bxd3 Rd8 32. Bc4 Rd2 33. a4 Kg7 34. a5 Bd5 35. Bxd5 Rxd5 36. Rc7 Rb5 37. a6 bxa6 38. Rxa7 Rb6 39. g4 Rxb3 40. Rxa6 Rxh3 41. Kg2 Rb3 42. f3 Re3 43. Kf2 Re6 44. Ra8 Kf6 45. Ra7 Rd6 46. Ra5 Kg6 47. Kg3 Rf6 48. Rb5 Rf4 49. Rb6+ f6 50. Ra6 Rb4 51. Rc6 Rb7 52. Ra6 Rb4 53. Rc6 Rf4 54. Ra6 h5 55. gxh5+ Kxh5 56. Ra8 Kg6 57. Rg8+ Kf5 58. Ra8 Rd4 59. Ra5+ Ke6 60. Ra6+ Ke5 61. Ra5+ Rd5 62. Rxd5+ Kxd5 63. f4 g4 64. Kxg4 Ke4 65. f5 Ke5 66. Kg3 Kxf5 67. Kf3 Ke5 68. Ke3 f5 69. Kf3 f4 70. Kf2 Ke4 71. Ke2 f3+ 72. Kf2 Kf4 73. Kf1 Ke3 74. Ke1 f2+ 75. Kf1 Kf3 1/2-1/2

[Event "Wch U20 60th"]
[Site "Mexico City"]
[Date "2023.09.30"]
[Round "10"]
[White "Koellner, Ruben Gideon"]
[Black "Koelle, Tobias"]
[Result "1/2-1/2"]
[WhiteElo "2485"]
[BlackElo "2458"]
[PlyCount "63"]
[EventDate "2023.09.21"]
[EventType "swiss"]
[EventRounds "11"]
[EventCountry "MEX"]
[SourceTitle "EXT 2024"]
[Source "ChessBase"]
[SourceDate "2023.10.10"]
[SourceVersion "1"]
[SourceVersionDate "2023.10.10"]
[SourceQuality "1"]

1. Nf3 d5 2. g3 g6 3. d4 Bg7 4. Bg2 Nf6 5. 0-0 c6 6. c4 dxc4 7. a4 Ne4 8. Qc2 Nd6 9. Nbd2 0-0 10. Nxc4 Bf5 11. Qc3 Nxc4 12. Qxc4 Be4 13. Qb4 Qd7 14. Ne5 Bxe5 15. dxe5 Bxg2 16. Kxg2 Na6 17. Qc4 Qe6 18. Qxe6 fxe6 19. Be3 Rfd8 20. h4 h5 21. Rfd1 c5 22. a5 Kf7 23. Rdc1 Rd5 24. f4 b5 25. axb6 axb6 26. Ra3 Rdd8 27. Rca1 Nc7 28. Ra7 Rxa7 29. Rxa7 Nd5 30. Bd2 Nf6 31. Bc3 Ne4 32. Kf3 1/2-1/2

[Event "Wch U20 60th"]
[Site "Mexico City"]
[Date "2023.09.21"]
[Round "1"]
[White "Koelle, Tobias"]
[Black "Cordero Jimenez, Alexander"]
[Result "1-0"]
[WhiteElo "2458"]
[BlackElo "1745"]
[PlyCount "85"]
[EventDate "2023.09.21"]
[EventType "swiss"]
[EventRounds "11"]
[EventCountry "MEX"]
[SourceTitle "EXT 2024"]
[Source "ChessBase"]
[SourceDate "2023.10.10"]
[SourceVersion "1"]
[SourceVersionDate "2023.10.10"]
[SourceQuality "1"]

1. d4 Nf6 2. c4 c5 3. d5 e5 4. Nc3 d6 5. e4 g6 6. h3 Bg7 7. Be3 Na6 8. Bd3 Bd7 9. a3 0-0 10. Nge2 Rb8 11. 0-0 Qe7 12. Rb1 b6 13. b4 Rbc8 14. Nb5 Bxb5 15. cxb5 Nc7 16. Nc3 Nd7 17. a4 f5 18. bxc5 bxc5 19. f3 h5 20. a5 f4 21. Bf2 g5 22. b6 axb6 23. axb6 Ne8 24. Qa4 Bf6 25. b7 Rd8 26. Nb5 Nb8 27. Na7 Ng7 28. Nc6 Qf7 29. Nxd8 Rxd8 30. Rb6 Kh7 31. Rfb1 g4 32. hxg4 hxg4 33. fxg4 Qg6 34. Qd1 Qh6 35. Qf3 Kg6 36. Qh3 Qg5 37. Rc6 Kf7 38. Rc7+ Kg8 39. Rc8 Qg6 40. Bh4 Bxh4 41. Qxh4 Rf8 42. Rxf8+ Kxf8 43. Qh8+ 1-0